| 000 | 00299 a2200109 4500 | ||
|---|---|---|---|
| 082 | _a620.1123 TIM | ||
| 100 | _aTimoshenko, S. | ||
| 245 |
_aTheory of Elasticity _cS. Timoshenko, J. N. Goodier |
||
| 250 | _a2nd ed. | ||
| 260 |
_aNew York : _bMc Graw Hill, _c1951 |
||
| 300 |
_axviii, 506p. : _bill . ; _c23 cm |
||
| 650 | _aElasticity | ||
| 999 |
_c820 _d820 |
||